Ángela Hernández : (Record no. 58506)
[ view plain ]
| 000 -CABECERA | |
|---|---|
| campo de control de longitud fija | 01866nab a2200289 a 4500 |
| 005 - FECHA Y HORA DE LA ÚLTIMA TRANSACCIÓN | |
| campo de control | 20250320141845.0 |
| 007 - CAMPO FIJO DE DESCRIPCIÓN FÍSICA--INFORMACIÓN GENERAL | |
| campo de control de longitud fija | ta |
| 008 - DATOS DE LONGITUD FIJA--INFORMACIÓN GENERAL | |
| campo de control de longitud fija | 250320e2002 dr mn|ped||||||0| 0 spa d |
| 040 ## - FUENTE DE LA CATALOGACIÓN | |
| Centro catalogador/agencia de origen | DO-SdBNP |
| Centro/agencia transcriptor | BNPHU |
| Normas de descripción | rda |
| 041 ## - CÓDIGO DE LENGUA | |
| Código de lengua original | spa |
| 100 1# - ENTRADA PRINCIPAL--NOMBRE DE PERSONA | |
| Nombre de persona | Hernández, Ángela, |
| Fechas asociadas al nombre | 1954- |
| 9 (RLIN) | 2564 |
| Término indicativo de función/relación | autora |
| 222 ## - TÍTULO CLAVE | |
| Título clave | Vetas |
| 245 ## - MENCIÓN DE TÍTULO | |
| Título | Ángela Hernández : |
| Resto del título | de la poética de la química y la física y de otras poéticas y otras éticas de una escritora consagrada / |
| Mención de responsabilidad, etc. | Ángela Hernández, Clodomiro Moquete. |
| 264 ## - PRODUCCIÓN, PUBLICACIÓN, DISTRIBUCIÓN, FABRICACIÓN Y COPYRIGHT | |
| Producción, publicación, distribución, fabricación y copyright | Santo Domingo, República Dominicana : |
| Nombre del de productor, editor, distribuidor, fabricante | Clodomiro Moquete, |
| Fecha de producción, publicación, distribución, fabricación o copyright | 2002. |
| 300 ## - DESCRIPCIÓN FÍSICA | |
| Extensión | páginas 18-25 : |
| Otras características físicas | ilustraciones, fotografías ; |
| Dimensiones | 29 cm. |
| 310 ## - PERIODICIDAD ACTUAL | |
| Periodicidad actual | Mensual. |
| 336 ## - TIPO DE CONTENIDO | |
| Término de tipo de contenido | texto |
| Código de tipo de contenido | txt |
| Fuente | rdacontent |
| 337 ## - TIPO DE MEDIO | |
| Nombre/término del tipo de medio | sin mediación |
| Código del tipo de medio | n |
| Fuente | rdamedia |
| 338 ## - TIPO DE SOPORTE | |
| Nombre/término del tipo de soporte | volumen |
| Código del tipo de soporte | nc |
| Fuente | rdacarrier |
| 362 ## - FECHAS DE PUBLICACIÓN Y/O DESIGNACIÓN SECUENCIAL | |
| Fecha de publicación y/o designación secuencial | Año.9: no. 61, (sept. 2002). |
| 500 ## - NOTA GENERAL | |
| Nota general | Es una entrevista a la escritora Ángela Hernández, realizada por Clodomiro Moquete. |
| 520 ## - SUMARIO, ETC. | |
| Sumario, etc. | Ángela Hernández. mi pasión por la literatura, por todo lo que es el ejercicio de la imaginación es de siempre. Creo que lo que fue circunstancial fue estudiar ingeniería Quimica. Tal vez porque mi idea de la literatura. desde que empancé a tener contacto con los libros y probablemente todavía se mantiene en cierta medida es que yo no asociaba la literatura con un trabajo, un oficio, una profesión. Para mí la literatura tenía que ver con algo como el espíritu, de la imaginación, de la libertad de la persona, de la búsqueda, porque incluso cuando uno tiene pocos años uno tiene un estado, un instinto de búsqueda, de interrogación... |
| 650 #0 - PUNTO DE ACCESO ADICIONAL DE MATERIA--TÉRMINO DE MATERIA | |
| Término de materia o nombre geográfico como elemento de entrada | Entrevistas (Periodismo) |
| 9 (RLIN) | 11043 |
| Subdivisión de forma | Publicación periódica |
| Subdivisión geográfica | República Dominicana |
| 700 ## - PUNTO DE ACCESO ADICIONAL--NOMBRE DE PERSONA | |
| Nombre de persona | Moquete, Clodomiro |
| 9 (RLIN) | 33499 |
| Término indicativo de función/relación | entrevista |
| 773 0# - ENLACE AL DOCUMENTO FUENTE/ENTRADA DE REGISTRO ANFITRIÓN | |
| Número bibliográfico anfitrión | 37028 |
| Número de ítem anfitrión | 284195 |
| Otro identificador del documento | 37538-9-61-1 |
| Título | Vetas : |
| Número de control del registro | (DO-SdBNP)000037538 |
| 942 ## - ELEMENTOS DE PUNTO DE ACCESO ADICIONAL (KOHA) | |
| Fuente del sistema de clasificación o colocación | Dewey Decimal Classification |
| Tipo de ítem Koha | Publicación periódica |
No items available.
